|
|
|
|
| LEADER |
00000nam a2200000 a 4500 |
| 005 |
20111123130433.0 |
| 007 |
cr|||| |||| |
| 008 |
060328s2005 sp |||||| 000 ||spa|c |
| 017 |
|
|
|a DL AB. 617-2005
|
| 020 |
|
|
|a 8486977819
|
| 035 |
|
|
|a 5776
|
| 040 |
|
|
|d vLex
|
| 043 |
|
|
|a e-sp---
|b e-sp---
|2 catmarc
|
| 080 |
|
|
|a 331.822/.823(460)
|
| 090 |
|
|
|c 2778
|d 2778
|
| 100 |
1 |
|
|a Navarro Nieto, Federico
|
| 245 |
1 |
0 |
|a Coordinacin̤ de actividades empresariales y de prevencin̤ de riesgos laborales
|h [Recurso electrn̤ico] /
|c Federico Navarro Nieto
|
| 256 |
|
|
|a Servicio en ln̕ea
|
| 260 |
|
|
|a Albacete :
|b Bomarzo,
|c 2005
|
| 300 |
|
|
|a 1 recurso electrn̤ico
|
| 504 |
|
|
|a Incluye bibliografa̕
|
| 506 |
1 |
|
|a Contenido solo disponible en los productos indicados
|d vLex Global
|d vLex Global (Academic Edition, excluding Law Schools)
|d vLex Global (Academic Edition, excluding Law Schools)
|d vLex Global (U.S. Academic Edition, excluding Law Schools)
|d vLex Global (Academic Edition, Law Schools)
|
| 650 |
0 |
4 |
|a Seguridad en el trabajo
|z Espaą
|x Aspectos legales
|
| 650 |
0 |
4 |
|a Empresarios industriales
|x responsabilidad civil
|z Espaą
|
| 740 |
0 |
|
|a vLex Libros (Servicio en ln̕ea)
|
| 856 |
4 |
0 |
|u http://vlex.com/source/coordinacion-actividades-empresariales-prevencion-riesgos-laborales-5776
|z Acceso restringido
|
| 942 |
|
|
|c BOOK
|